[Event "ch-TUR"]
[Site "Kemer-Antalya TUR"]
[Date "2011.02.09"]
[Round "6"]
[White "Demir,Z"]
[Black "Ali Marandi,C"]
[Result "0-1"]
[WhiteElo "1942"]
[BlackElo "2180"]

1.d4 d5 2.c4 c6 3.Nf3 Nf6 4.Nc3 e6 5.e3 Nbd7 6.Bd3 dxc4 7.Bxc4 b5 8.Bd3 Bb7
9.e4 b4 10.Na4 c5 11.e5 Nd5 12.O-O cxd4 13.Nxd4 Nxe5 14.Bb5+ Nd7 15.Re1 Rc8
16.Qh5 g6 17.Qe5 Qf6 18.Nf3 Bg7 19.Bxd7+ Kxd7 20.Qe2 Kc7 21.a3 bxa3 22.Rxa3 Kb8
23.Rb3 Qe7 24.Qb5 Ka8 25.Bd2 Rhd8 26.Ra1 Bc6 27.Nb6+ Nxb6 28.Qxb6 Bxf3 29.Qa5 Bd5
30.Rba3 Bxb2 31.Bg5 f6 32.Be3 Bxa3 33.Rxa3 Qb7 34.h3 a6 35.Ra4 Bc6 36.Rb4 Rd1+
37.Kh2 Qc7+ 38.Qxc7 Rxc7 39.Rb6 Ra1 40.Bd4 Ra2 41.Bxf6 Rxf2  0-1

[Event "1st Open"]
[Site "Cento ITA"]
[Date "2011.02.10"]
[Round "6"]
[White "De Andres Gonalons,F"]
[Black "De Florio,F"]
[Result "1-0"]
[WhiteElo "2084"]
[BlackElo "2196"]

1.d4 d5 2.c4 e6 3.Nc3 Nf6 4.Nf3 c6 5.e3 Nbd7 6.Bd3 dxc4 7.Bxc4 b5 8.Bd3 Bb7
9.a4 b4 10.Ne4 c5 11.Nxf6+ gxf6 12.e4 c4 13.Bxc4 Bxe4 14.Qe2 Bb7 15.Bf4 Rg8
16.Bg3 Be7 17.Rc1 Rg4 18.O-O Re4 19.Qd3 Kf8 20.Nd2 Rg4 21.Qxh7 Nb6 22.Be2 Rg7
23.Qh8+ Rg8 24.Qh6+ Rg7 25.a5 Nd5 26.a6 Bc8 27.Rc2 Bd7 28.Bf3 Rc8 29.Rfc1 Rxc2
30.Rxc2 b3 31.Nxb3 Ba4 32.Bxd5 Qxd5 33.Rc8+ Be8 34.Qh8+ Rg8 35.Rxe8+ Kxe8
36.Qxg8+ Bf8 37.Nd2 Qxd4 38.Nf1 Qb6 39.Bf4 Ke7 40.Be3 Qc7 41.b4  1-0

[Event "1st Open"]
[Site "Cento ITA"]
[Date "2011.02.10"]
[Round "6"]
[White "Lagrotteria,S"]
[Black "Bruno,Fabi"]
[Result "0-1"]
[WhiteElo "2183"]
[BlackElo "2436"]

1.d4 d5 2.c4 e6 3.Nf3 c6 4.e3 Nf6 5.Nc3 Nbd7 6.Qc2 Bd6 7.Bd3 O-O 8.O-O dxc4
9.Bxc4 Qe7 10.Ne4 Nxe4 11.Qxe4 c5 12.Qc2 b6 13.Bd3 h6 14.Be4 Rb8 15.Nd2 cxd4
16.exd4 Nf6 17.Bf3 Bb7 18.Bxb7 Rxb7 19.g3 Rc7 20.Qd3 Rfc8 21.Ne4 Nxe4 22.Qxe4 Rc4
23.Be3 Qd7 24.Rac1 f5 25.Qd3 Rxc1 26.Rxc1 Rd8 27.Qc4 Be7 28.Bf4 Bg5 29.Bxg5 hxg5
30.b3 g4 31.a4 Kf7 32.Qc7 Qe7 33.Qf4 Rd7 34.Rc4 Qa3 35.Rc7 Rxc7 36.Qxc7+ Qe7
37.Qc6 Qd8 38.Qc4 Kf6 39.Kf1 Qa8 40.Ke2 Qe4+ 41.Kf1 Qb1+ 42.Ke2 Qb2+ 43.Ke1 a5
44.Kf1 Qd2 45.Kg1 Qd1+ 46.Kg2 Qe1  0-1

[Event "ch-TUR"]
[Site "Kemer-Antalya TUR"]
[Date "2011.02.10"]
[Round "7"]
[White "Ozdemir,M"]
[Black "Toksoz,L"]
[Result "0-1"]
[WhiteElo "1752"]
[BlackElo "1890"]

1.d4 d5 2.c4 c6 3.Nc3 Nf6 4.Nf3 e6 5.e3 Bd6 6.Bd3 Nbd7 7.O-O O-O 8.b3 dxc4
9.bxc4 e5 10.Qc2 Re8 11.Ng5 h6 12.Nce4 Bc7 13.Nxf6+ Nxf6 14.Bh7+ Kf8 15.Ba3+ Bd6
16.Bxd6+ Qxd6 17.c5 Qe7 18.dxe5 Nxh7 19.Nxh7+ Kg8 20.f4 Qh4 21.Rf3 Qh5 22.Rg3 Kh8
23.Ng5 hxg5 24.Rxg5 Qh7 25.Qd1 Kg8 26.g4 Qe4 27.Kf2 Be6 28.Qb1 Bd5 29.Qxe4 Bxe4
30.Rd1 Rad8 31.Rd6 b6 32.h4 bxc5 33.h5 c4 34.h6 g6 35.f5 c3 36.fxg6 fxg6
37.Rxd8 Rxd8 38.e6 c2 39.Rc5 Re8 40.Kg3 Rxe6 41.Kf4 Bd3 42.Kg5 Re4 43.Rxc6 Rc4
44.Re6 Rc8  0-1

[Event "ch-TUR"]
[Site "Kemer-Antalya TUR"]
[Date "2011.02.11"]
[Round "8"]
[White "Koksal,E"]
[Black "Bitirgen,Bilent"]
[Result "0-1"]
[WhiteElo "2021"]
[BlackElo "1798"]

1.d4 d5 2.c4 c6 3.Nc3 Nf6 4.e3 e6 5.Nf3 Nbd7 6.cxd5 exd5 7.Bd3 Bd6 8.O-O O-O
9.Rb1 Re8 10.Qc2 Nf8 11.h3 Qe7 12.Nd2 Ng6 13.Bf5 Nh4 14.Bxc8 Raxc8 15.Qd1 Ne4
16.Ncxe4 dxe4 17.g3 Nf5 18.Nc4 Bb8 19.b3 Rcd8 20.Ba3 Qf6 21.Qg4 g6 22.h4 Rd5
23.Bb2 h5 24.Qh3 Nh6 25.Qg2 Qe6 26.Rbe1 Nf5 27.Re2 Bc7 28.Ne5 Nd6 29.f3 f5
30.f4 Nc8 31.Rc1 Red8 32.Rec2 Bd6 33.Qd2 Bxe5 34.fxe5 Qxe5 35.dxe5 Rxd2 36.Bd4 Rxc2
37.Rxc2 Kf7 38.Kf2 Ke6 39.Ke2 Nb6 40.a4 Rd5 41.Rc3 Ra5 42.Kd2 Nd7 43.Rc2 Nxe5
44.Kc3 Nf3 45.Kc4 Nxd4 46.exd4 Rd5 47.Ra2 f4 48.gxf4 Kf5 49.Rg2 Rd6 50.Kc5 Re6
51.d5 b6+ 52.Kc4 cxd5+ 53.Kxd5 Re8 54.Kc6 e3 55.Re2 Kxf4 56.Kb7 Re7+  0-1

[Event "ch-SRB"]
[Site "Kragujevac SRB"]
[Date "2011.02.11"]
[Round "11"]
[White "Abramovic,B"]
[Black "Pikula,D"]
[Result "1-0"]
[WhiteElo "2460"]
[BlackElo "2537"]

1.d4 d5 2.c4 c6 3.Nf3 Nf6 4.e3 e6 5.Nc3 Nbd7 6.Bd3 dxc4 7.Bxc4 b5 8.Bd3 a6
9.a4 b4 10.Ne4 c5 11.Nxf6+ Nxf6 12.dxc5 Bxc5 13.e4 Bb7 14.Qe2 h6 15.O-O O-O
16.h3 Qe7 17.Bf4 a5 18.Rac1 Rac8 19.e5 Nd5 20.Qe4 f5 21.exf6 Nxf6 22.Qg6 Bxf3
23.gxf3 Rfd8 24.Rc4 Rd4 25.b3 Rxc4 26.Bxc4 Qf7 27.Qxf7+ Kxf7 28.Rc1 g5 29.Ba6 Ra8
30.Rxc5 gxf4 31.Rc7+ Kg6 32.Bd3+ Kh5 33.Rc6 Rd8 34.Bc4 Kh4 35.Rxe6 Rf8 36.Kh2 h5
37.Re5 Nh7 38.Rxa5 Ng5 39.Kg2 Nxh3 40.Re5 Rf6 41.a5 Rg6+ 42.Kh2 Rg7 43.Rf5 Nxf2
44.Rxf4+ Kg5 45.Rd4  1-0

[Event "85th YMCA Masters"]
[Site "Warsaw POL"]
[Date "2011.02.11"]
[Round "6"]
[White "Bobula,M"]
[Black "Moskwinski,T"]
[Result "1-0"]
[WhiteElo "2393"]
[BlackElo "2218"]

1.d4 d5 2.c4 c6 3.e3 Nf6 4.Nc3 e6 5.Nf3 Nbd7 6.Bd3 dxc4 7.Bxc4 b5 8.Bd3 a6
9.e4 c5 10.e5 cxd4 11.Nxb5 Nxe5 12.Nxe5 axb5 13.Bxb5+ Bd7 14.Nxd7 Qa5+ 15.Bd2 Qxb5
16.Nxf8 Kxf8 17.a4 Qd5 18.O-O h5 19.b4 h4 20.h3 Rh5 21.b5 Ne4 22.Bb4+ Kg8
23.b6 Nc3 24.Qc2 Qc6 25.Rfb1 Rg5 26.f3 Qxf3 27.Bxc3 dxc3 28.a5 Qe3+ 29.Kh1 Rd5
30.a6 Rd2 31.b7  1-0

[Event "TCh-CAT Div Hon"]
[Site "Barcelona ESP"]
[Date "2011.02.12"]
[Round "3"]
[White "Oms Pallisse,J"]
[Black "Lafuente,P"]
[Result "1-0"]
[WhiteElo "2527"]
[BlackElo "2561"]

1.d4 d5 2.c4 c6 3.Nf3 Nf6 4.Nc3 e6 5.e3 a6 6.b3 Bb4 7.Bd2 Nbd7 8.Bd3 O-O
9.O-O Bd6 10.Qc2 Re8 11.Rad1 Qe7 12.c5 Bc7 13.e4 e5 14.exd5 cxd5 15.Bg5 Qf8
16.dxe5 Bxe5 17.Nxe5 Rxe5 18.Bf4 Re6 19.Bd6 Qd8 20.Bf5 Re8 21.Nxd5 Nxd5 22.Rxd5 Nf6
23.Rd4 Bxf5 24.Qxf5 Qa5 25.Qf3 Qb5 26.h3 Re6 27.a4 Qc6 28.Rfd1 Rae8 29.Qxc6 bxc6
30.Rb4 Nd5 31.Rb7 h5 32.Rd3 h4 33.Rf3 f6 34.g3 Re4 35.Kg2 Kh7 36.gxh4 Rxh4
37.Rg3 Rg8 38.Rg4 Rh5 39.Rb6 Nxb6 40.cxb6 Rd5 41.Bc7 Rd7 42.Rc4 a5 43.Rxc6 Rd4
44.Rc5 Rb4 45.Rb5  1-0

[Event "TCh-FIN 2010-11"]
[Site "Helsinki FIN"]
[Date "2011.02.12"]
[Round "6.6"]
[White "Niemela,A"]
[Black "Pohjala,H"]
[Result "1-0"]
[WhiteElo "2281"]
[BlackElo "2245"]

1.d4 d5 2.c4 c6 3.Nc3 Nf6 4.e3 e6 5.Nf3 Nbd7 6.Qc2 a6 7.b3 b6 8.Bd3 Bb7 9.O-O Be7
10.Bb2 Qc7 11.Rad1 Rc8 12.Qe2 b5 13.e4 b4 14.e5 Nh5 15.Na4 Nf4 16.Qe3 Nxd3
17.Qxd3 c5 18.cxd5 Bxd5 19.Nxc5 Nxc5 20.dxc5 Qa5 21.Bd4 O-O 22.Rd2 Rfd8 23.Rfd1 h6
24.h3 Bxc5 25.Bxc5 Rxc5 26.Nd4 Rdc8 27.Ne2 Qc7 28.Qg3 Be4 29.Rd6 Rc2 30.Nd4 Rxa2
31.Nxe6  1-0

[Event "TCh-NED"]
[Site "Netherlands NED"]
[Date "2011.02.12"]
[Round "6.4"]
[White "L'Ami,E"]
[Black "Van Delft,M"]
[Result "1-0"]
[WhiteElo "2624"]
[BlackElo "2384"]

1.d4 d5 2.c4 c6 3.Nf3 Nf6 4.Nc3 e6 5.e3 Nbd7 6.Bd3 dxc4 7.Bxc4 b5 8.Bd3 a6
9.O-O c5 10.a4 b4 11.Ne4 Bb7 12.Ned2 Be7 13.Qe2 O-O 14.Rd1 a5 15.Nc4 Qb8
16.Nfe5 Rd8 17.e4 cxd4 18.Bf4 Qa7 19.Nxf7 Kxf7 20.e5 Bd5 21.exf6 Nxf6 22.Ne5+ Kg8
23.Nc6 Bxc6 24.Qxe6+ Kh8 25.Qxc6 Nd5 26.Bg3 Bf6 27.Rac1 b3 28.Qe6 Qe7 29.Qh3 g5
30.Qf5 Ra7 31.Re1 Qd7 32.Re6 Qg7 33.Rd6 Rxd6 34.Bxd6 Nc3 35.bxc3 dxc3 36.Rxc3 Bxc3
37.Qc8+ Qg8 38.Qxc3+ Rg7 39.Be5  1-0

[Event "ch-TUR"]
[Site "Kemer-Antalya TUR"]
[Date "2011.02.13"]
[Round "10.1"]
[White "Esen,B"]
[Black "Ali Marandi,C"]
[Result "1/2-1/2"]
[WhiteElo "2533"]
[BlackElo "2180"]

1.d4 d5 2.c4 c6 3.Nf3 Nf6 4.Nc3 e6 5.e3 Nbd7 6.Bd3 dxc4 7.Bxc4 b5 8.Bd3 Bb7
9.a3 b4 10.Ne4 bxa3 11.O-O Nxe4 12.Bxe4 Bd6 13.b3 Qe7 14.Nd2 Nb6 15.Qc2 Rc8
16.Qa2 Nd5 17.Bxa3 Bxh2+ 18.Kxh2 Qh4+ 19.Kg1 Nc3 20.Nf3 Qxe4 21.Qd2 Nb5 22.Bc5 f6
23.Qb4 Rc7 24.Bxa7 h5 25.Bc5  1/2-1/2

[Event "ch-TUR"]
[Site "Kemer-Antalya TUR"]
[Date "2011.02.13"]
[Round "10"]
[White "Buker,M"]
[Black "Celebi,O"]
[Result "1-0"]
[WhiteElo "2087"]
[BlackElo "1944"]

1.d4 d5 2.c4 e6 3.Nf3 Nf6 4.e3 c6 5.Nc3 Bd6 6.Bd3 Nbd7 7.b3 O-O 8.Bb2 Re8
9.O-O e5 10.dxe5 Nxe5 11.h3 dxc4 12.Bxc4 Nxc4 13.bxc4 Be6 14.Qe2 Qa5 15.Rfd1 Rad8
16.Rac1 Qh5 17.Nd4 Bg4 18.f3 Bc8 19.Rd3 Qh4 20.Rcd1 Qg3 21.Qf2 Qh2+ 22.Kf1 Nh5
23.Nde2 Be6 24.Qh4 Nf6 25.c5 Be7 26.Rxd8 Rxd8 27.Rxd8+ Bxd8 28.Ne4 Qc7 29.Nxf6+ gxf6
30.Ng3 Qd7 31.Bd4 Bxa2 32.Nh5 Qf5 33.Qg3+ Qg6 34.Qb8 Qxh5 35.Qxd8+  1-0

[Event "ch-TUR"]
[Site "Kemer-Antalya TUR"]
[Date "2011.02.13"]
[Round "10"]
[White "Sertbay,H"]
[Black "Acar,Sadullah"]
[Result "1-0"]
[WhiteElo "1996"]
[BlackElo "1854"]

1.d4 d5 2.c4 c6 3.Nf3 Nf6 4.Nc3 e6 5.e3 Be7 6.Bd3 O-O 7.O-O Nbd7 8.Re1 b6
9.Qe2 Bb7 10.Bd2 Rc8 11.Rad1 Re8 12.e4 dxe4 13.Nxe4 Nxe4 14.Bxe4 Nf6 15.Bb1 h6
16.Bc3 Qc7 17.Qc2 Bd6 18.c5 Be7 19.b4 Rcd8 20.Ne5 Kf8 21.Rd3 Rd5 22.Rg3 Red8
23.Nxf7 Kxf7 24.Qg6+ Kf8 25.Qxg7+ Ke8 26.Rxe6 Rg5 27.Rxg5  1-0

[Event "16th Lienz-Open 2011"]
[Site "Lienz AUT"]
[Date "2011.02.13"]
[Round "3"]
[White "Malakhatko,V"]
[Black "Dietmayer Kraeutler,M"]
[Result "1/2-1/2"]
[WhiteElo "2546"]
[BlackElo "2237"]

1.d4 d5 2.c4 e6 3.Nf3 Nf6 4.Nc3 c6 5.e3 Nbd7 6.Bd3 dxc4 7.Bxc4 b5 8.Bd3 Bb7
9.a3 Bd6 10.O-O O-O 11.Qc2 Qe7 12.Ne2 h6 13.Ng3 a6 14.b4 a5 15.Rb1 axb4 16.axb4 Bxb4
17.e4 Rfc8 18.Qe2 Nf8 19.Rb3 c5 20.dxc5 Bxc5 21.Bxb5 Bc6 22.Bxc6 Rxc6 23.Ne5 Raa6
24.Bb2 Ra2 25.Qf3 Qc7 26.Nd3 Be7 27.Rc1 Qa5 28.h4 N6d7 29.h5 Bf6 30.Bxf6 Nxf6
31.e5 N6d7  1/2-1/2

[Event "ch-ROU Men"]
[Site "Sarata Monteoru ROU"]
[Date "2011.02.13"]
[Round "2.1"]
[White "Lupulescu,C"]
[Black "Dragomirescu,C"]
[Result "1-0"]
[WhiteElo "2619"]
[BlackElo "2233"]

1.c4 e6 2.d4 d5 3.Nc3 c6 4.Nf3 Nf6 5.e3 Nbd7 6.Qc2 Bd6 7.Bd3 dxc4 8.Bxc4 b5
9.Bd3 Bb7 10.Ne4 Nxe4 11.Bxe4 Qb6 12.Bxh7 g6 13.Bxg6 fxg6 14.Qxg6+ Kd8 15.Ng5 Bb4+
16.Kf1 Kc8 17.Qxe6 Kc7 18.Qb3 Bd6 19.Ne6+ Kb8 20.e4 c5 21.d5 b4 22.Kg1 Ba6
23.Qf3 Kb7 24.Qf7 Qb5 25.Be3 Rhe8 26.h4 Re7 27.Qf5 Qe2 28.Bf4 Bxf4 29.Qxf4 Rc8
30.b3 Bd3 31.f3 c4 32.Kh2 Rh7 33.Ng5 Rhh8 34.Qg3 Rcf8 35.Rhe1 Qd2 36.Kg1 Qc3
37.Qf2 Qf6 38.f4 c3 39.g3 Qb6 40.e5 Nc5 41.e6 Bf5 42.Re5 Nd3 43.Qxb6+ Kxb6
44.Rxf5 c2 45.d6 c1=Q+ 46.Rxc1 Nxc1 47.Rd5 Ne2+ 48.Kf2 Nc3 49.Rd3 Kc6 50.d7 Kc7
51.e7  1-0

[Event "FSFMB February"]
[Site "Budapest HUN"]
[Date "2011.02.14"]
[Round "10"]
[White "Tessedik,K"]
[Black "Gruz,J"]
[Result "1/2-1/2"]
[WhiteElo "1913"]
[BlackElo "1911"]

1.d4 d5 2.Nf3 Nf6 3.c4 e6 4.Nc3 c6 5.e3 Be7 6.Bd3 Nbd7 7.O-O O-O 8.cxd5 exd5
9.Re1 Re8 10.Bd2 Nf8 11.Ne5 Bd6 12.f4 Bd7 13.Nxd7 Qxd7 14.Qf3 Qg4  1/2-1/2

[Event "16th Lienz-Open 2011"]
[Site "Lienz AUT"]
[Date "2011.02.14"]
[Round "4"]
[White "Zojer,T"]
[Black "Diermair,A"]
[Result "1/2-1/2"]
[WhiteElo "2093"]
[BlackElo "2387"]

1.d4 Nf6 2.Nf3 e6 3.c4 d5 4.Nc3 c6 5.e3 a6 6.Qc2 c5 7.cxd5 exd5 8.Be2 Nc6
9.a3 cxd4 10.Nxd4 Bd6 11.b4 O-O 12.Nxc6 bxc6 13.O-O Qe7 14.Bb2 Ng4 15.g3 Re8
16.Bf3 Ne5 17.Bg2 Bg4 18.Ne2 Qd7 19.Nd4 a5 20.e4 axb4 21.axb4 Bxb4 22.exd5 cxd5
23.Qb3 Bc5 24.Rxa8 Rxa8 25.Qxd5 Qxd5 26.Bxd5 Rd8 27.Ra1 Rxd5 28.Ra8+ Bf8
29.Ba3 Ng6 30.Nc6 Bf3 31.Rxf8+ Nxf8 32.Ne7+ Kh8 33.Nxd5 Bxd5 34.Bxf8 Kg8
35.Bc5 Bf3  1/2-1/2

[Event "ch-ROU Men"]
[Site "Sarata Monteoru ROU"]
[Date "2011.02.15"]
[Round "5.34"]
[White "Telea,S"]
[Black "Motounu,V"]
[Result "1-0"]
[WhiteElo "2095"]
[BlackElo "1888"]

1.d4 Nf6 2.c4 e6 3.Nf3 d5 4.Nc3 c6 5.e3 Bd6 6.Bd3 Nbd7 7.O-O O-O 8.e4 dxe4
9.Nxe4 Nxe4 10.Bxe4 Nf6 11.Bc2 h6 12.Ne5 Qc7 13.Bf4 c5 14.Qd3 Rd8 15.Rad1 cxd4
16.Qxd4 Be7 17.Qc3 Nh5 18.Be3 b6 19.Rxd8+ Bxd8 20.Rd1 Nf6 21.Nc6 Bb7 22.Nxd8 Rxd8
23.Rxd8+ Qxd8 24.Bd4 Nh5 25.Qd3 Qg5 26.g3 Nf4 27.Qh7+ Kf8 28.Kf1 Nh5 29.Qd3 Kg8
30.Be3 Qf6 31.Qd7 g6 32.Bd4 e5 33.Qe8+  1-0

[Event "G-TEAM Open"]
[Site "Novy Bor CZE"]
[Date "2011.02.16"]
[Round "6"]
[White "Voelz,S"]
[Black "Dalecky,B"]
[Result "0-1"]
[WhiteElo "1950"]
[BlackElo "2153"]

1.d4 Nf6 2.c4 e6 3.Nc3 d5 4.Nf3 c6 5.e3 Ne4 6.Bd3 f5 7.O-O Nd7 8.Qc2 Bd6
9.c5 Bc7 10.b4 Qf6 11.Ne2 g5 12.Ne1 Qh6 13.g3 g4 14.f3 gxf3 15.Nxf3 Rg8 16.Bxe4 fxe4
17.Ne1 Nf6 18.Nf4 Bd7 19.Qg2 Ke7 20.Bb2 Rg4 21.Rf2 Rag8 22.Nc2 Nh5 23.Nxh5 Qxh5
24.Kf1 Qg6 25.Ke1 h5 26.Kd2 h4 27.Raf1 Be8 28.Qh1 hxg3 29.hxg3 Bxg3 30.Rf6 Qxf6
31.Rxf6 Kxf6 32.Qh6+ Bg6 33.Qh1 Rh4 34.Qf1+ Bf5 35.b5 Rh2+ 36.Kc3 Rf2 37.Qh1 Bh2
38.Qe1 Rgg2 39.Nb4 cxb5 40.c6 bxc6  0-1

[Event "ch-POL"]
[Site "Warsaw POL"]
[Date "2011.02.16"]
[Round "5"]
[White "Wojtaszek,R"]
[Black "Bartel,Mat"]
[Result "1/2-1/2"]
[WhiteElo "2726"]
[BlackElo "2617"]

1.d4 d5 2.c4 e6 3.Nc3 c6 4.e3 Nf6 5.Nf3 a6 6.b3 Bb4 7.Bd2 Bd6 8.g3 Nbd7 9.Bg2 Ne4
10.O-O f5 11.Ne1 O-O 12.Nd3 Nxd2 13.Qxd2 dxc4 14.bxc4 e5 15.f4 e4 16.Nf2 b5
17.g4 g6 18.Qc2 Nf6 19.g5 Nh5 20.c5 Bxf4 21.exf4 Nxf4 22.Ne2 Nxe2+ 23.Qxe2 Qxd4
24.Rac1 Be6 25.Rfd1 Qe5 26.Nd3 Qd4+ 27.Nf2 Qe5 28.Nd3 Qd4+ 29.Nf2 Qe5  1/2-1/2

[Event "ch-POL"]
[Site "Warsaw POL"]
[Date "2011.02.17"]
[Round "6"]
[White "Socko,B"]
[Black "Wojtaszek,R"]
[Result "1-0"]
[WhiteElo "2660"]
[BlackElo "2726"]

1.d4 d5 2.c4 e6 3.Nf3 Nf6 4.Nc3 c6 5.e3 Nbd7 6.Qc2 Bd6 7.b3 O-O 8.Bd3 e5
9.cxd5 cxd5 10.Nb5 Bb4+ 11.Bd2 Bxd2+ 12.Nxd2 e4 13.Be2 a6 14.Nc3 b5 15.b4 Nb6
16.Nb3 Bg4 17.O-O Bxe2 18.Qxe2 Qd6 19.Nc5 Ne8 20.a4 Nxa4 21.N3xa4 bxa4 22.Rxa4 Nc7
23.Rfa1 Rfb8 24.Qg4 h6 25.g3 Rb6 26.h4 g6 27.h5 g5 28.Kg2 Kg7 29.Rc1 Rb5
30.Qf5 Rd8 31.Rca1 Rb6 32.Ra5 Rxb4 33.Nxa6 Nxa6 34.Rxa6 Rb6 35.Rxb6 Qxb6
36.Qe5+ Kg8 37.Rc1 Qe6 38.Qxe6 fxe6 39.Rc6 Re8 40.g4 Kf7 41.f4 exf3+ 42.Kxf3 Ra8
43.Rc7+ Kg8 44.Re7 Ra6 45.Kg3 Rb6 46.Kf2 Rc6 47.Ke1 Ra6 48.Ke2 Ra2+ 49.Kd1 Ra6
50.Ke2 Ra2+ 51.Kf3 Ra6 52.Kg2 Rb6 53.Kg3 Ra6 54.Kf3 Rb6 55.Ra7 Rb3 56.Ke2 Rb6
57.Kd2 Rc6 58.Kd3 Rb6 59.Kc3 Rc6+ 60.Kd3 Rb6 61.Ra3 Rb1 62.Ra8+ Kg7 63.Ra7+ Kg8
64.Re7 Rb3+ 65.Kd2 Rb2+ 66.Kc3 Rb6 67.Kc2 Rc6+ 68.Kb3 Rb6+ 69.Kc3 Ra6 70.Kb4 Kf8
71.Kb5 Kxe7 72.Kxa6 Kf7 73.Kb7 Kg8 74.Kc8 Kg7 75.Kc7 Kg8 76.Kd6  1-0

[Event "IV Open A"]
[Site "Gora Swietej Anny POL"]
[Date "2011.02.18"]
[Round "8.2"]
[White "Malaniuk,V"]
[Black "Chojnacki,S"]
[Result "1-0"]
[WhiteElo "2518"]
[BlackElo "2249"]

1.d4 d5 2.c4 c6 3.Nc3 Nf6 4.e3 e6 5.Nf3 Be7 6.b3 O-O 7.Bd3 b6 8.O-O Bb7 9.Bb2 Nbd7
10.Qe2 Rc8 11.Rad1 Qc7 12.Ne5 Nxe5 13.dxe5 Nd7 14.f4 f5 15.cxd5 cxd5 16.Nb5 Qb8
17.Nd4 Nc5 18.Ba3 Rf7 19.g4 Nxd3 20.Bxe7 Nxe5 21.fxe5 Rxe7 22.gxf5 exf5 23.Nxf5 Rxe5
24.Qg4 g6 25.Nh6+ Kg7 26.Nf7 Rh5 27.Qd4+ Kf8 28.Nh6+ Ke7 29.Rf7+ Kd6 30.Qb4+  1-0

[Event "G-TEAM Open"]
[Site "Novy Bor CZE"]
[Date "2011.02.18"]
[Round "8"]
[White "Bartos,J"]
[Black "Khamidov,K"]
[Result "1/2-1/2"]
[WhiteElo "2203"]
[BlackElo "1980"]

1.d4 d5 2.c4 c6 3.e3 Nf6 4.Nc3 e6 5.Nf3 Nbd7 6.Bd3 dxc4 7.Bxc4 b5 8.Be2 Bb7
9.O-O Be7 10.e4 b4 11.e5 bxc3 12.exf6 Bxf6 13.bxc3 c5 14.dxc5 Nxc5 15.Bb5+ Kf8
16.Ba3 Qc7 17.Qd7 Qxd7 18.Bxd7 Be7 19.Bb5  1/2-1/2

[Event "ch-POL"]
[Site "Warsaw POL"]
[Date "2011.02.18"]
[Round "7"]
[White "Kanarek,M"]
[Black "Miton,K"]
[Result "1/2-1/2"]
[WhiteElo "2405"]
[BlackElo "2616"]

1.d4 Nf6 2.c4 c6 3.Nc3 d5 4.e3 e6 5.Nf3 Nbd7 6.Qc2 Bd6 7.b3 O-O 8.Be2 b6
9.O-O Bb7 10.Bb2 Qe7 11.Rad1 Rad8 12.Rfe1 Rfe8 13.e4 dxe4 14.Nxe4 Nxe4 15.Qxe4 Bb4
16.Rf1 Bd6 17.Rfe1 Bb4 18.Rf1 Bd6 19.Rfe1  1/2-1/2

[Event "TCh-CAT Div Hon"]
[Site "Barcelona ESP"]
[Date "2011.02.19"]
[Round "4.5"]
[White "Arias Boo,G"]
[Black "Obon Temprano,S"]
[Result "1-0"]
[WhiteElo "2330"]
[BlackElo "2264"]

1.d4 d5 2.c4 c6 3.Nf3 Nf6 4.Nc3 e6 5.e3 Nbd7 6.Qc2 Bd6 7.a3 O-O 8.Bd3 e5
9.cxd5 cxd5 10.dxe5 Nxe5 11.Be2 Be6 12.Nd4 Rc8 13.Qb3 Qe7 14.O-O Bb8 15.h3 Nc6
16.f4 Nxd4 17.exd4 Ne4 18.Bf3 f5 19.Be3 Bf7 20.Rfe1 Rc6 21.Bxe4 dxe4 22.d5 Rg6
23.Kh1 Rd8 24.Rad1 b6 25.Qb5 Qh4 26.d6 Bxd6 27.Re2 Rf8 28.Red2 Qe7 29.Nd5 Qb7
30.Nf6+ Rxf6 31.Rxd6 Rxd6 32.Rxd6 Qc8 33.Kh2 Be6 34.Qe5 Bc4 35.Bd4 Qc7 36.Bc3 b5
37.Qd4 Rf7 38.Rd8+ Rf8 39.Rd7 Qxf4+ 40.g3  1-0

[Event "TCh-CAT Div Hon"]
[Site "Barcelona ESP"]
[Date "2011.02.19"]
[Round "4.10"]
[White "Codina Garcia,J"]
[Black "Mingo Fernandez,M"]
[Result "1/2-1/2"]
[WhiteElo "2117"]
[BlackElo "2184"]

1.d4 d5 2.Nf3 Nf6 3.c4 c6 4.e3 e6 5.Nc3 Nbd7 6.Bd3 Be7 7.O-O dxc4 8.Bxc4 b5
9.Bd3 Bb7 10.Qe2 a6 11.Rd1 c5 12.dxc5 Bxc5 13.b3 Qb6 14.Bb2 O-O 15.h3 Rfd8
16.Rac1 Rac8 17.Bb1 Be7 18.Ng5 Nf8 19.Nge4 Ng6 20.Nxf6+ Bxf6 21.Ne4 Bxb2
22.Qxb2 Rxc1 23.Qxc1 Nh4 24.Rxd8+ Qxd8 25.f3 f5 26.Qd2 Qe7 27.Qd6 Qxd6 28.Nxd6 Bc6
29.Bd3 Kf8 30.a4 bxa4 31.bxa4 Bxa4  1/2-1/2

[Event "TCh-CAT Div Hon"]
[Site "Barcelona ESP"]
[Date "2011.02.19"]
[Round "4"]
[White "Cruz,Cr"]
[Black "Vila Gazquez,X"]
[Result "1-0"]
[WhiteElo "2490"]
[BlackElo "2488"]

1.d4 d5 2.c4 c6 3.Nf3 Nf6 4.Nc3 e6 5.e3 Nbd7 6.Qc2 Bd6 7.b3 O-O 8.Bb2 Qe7
9.Be2 dxc4 10.bxc4 e5 11.O-O Re8 12.Rfe1 e4 13.Nd2 Nf8 14.f3 Qc7 15.Nf1 Bf5
16.c5 exf3 17.Qxf5 fxe2 18.Rxe2 Be7 19.Ng3 b6 20.Rf1 Qd7 21.Qf3 Ng6 22.Nf5 Bf8
23.cxb6 axb6 24.e4 Ne7 25.Nh6+ gxh6 26.Qxf6 Ng6 27.d5 Bg7 28.dxc6 Qd4+ 29.Qf2 Qxf2+
30.Rexf2 Bd4 31.Nd5 Bxf2+ 32.Rxf2 Kf8 33.c7 Ra6 34.Bf6 Rc8 35.Rd2 Ra7 36.a4 Ke8
37.Nxb6 Raxc7 38.Nxc8 Rxc8 39.a5 Nf8 40.a6 Ne6 41.Ra2 Kd7 42.a7 Ra8 43.Kf2 Kc6
44.Be5 Kb7 45.Bb8 Nd4 46.Ke3 Nc6 47.Rb2+ Kc8 48.Rc2 Kb7 49.Rf2 Nxb8 50.Rxf7+ Ka6
51.axb8=Q Rxb8 52.Rxh7 Rb6 53.e5 Kb5 54.Ke4 Ra6 55.Kd5 Ra2 56.Rb7+ Ka6 57.Rg7 Kb6
58.Kd6 Rd2+ 59.Ke7 Re2 60.e6 Kc6 61.Kf7 Kd6 62.Rg6 h5 63.Rg3  1-0

[Event "US Amateur Team-ch East"]
[Site "Parsippany USA"]
[Date "2011.02.19"]
[Round "2"]
[White "Bisguier,A"]
[Black "Kniest,O"]
[Result "1/2-1/2"]
[WhiteElo "2231"]
[BlackElo "2322"]

1.c4 e6 2.d4 d5 3.Nc3 c6 4.e3 Nf6 5.Nf3 Nbd7 6.Bd3 dxc4 7.Bxc4 b5 8.Bd3 a6
9.e4 c5 10.e5 cxd4 11.Nxb5 axb5 12.exf6 gxf6 13.O-O Qb6 14.Be4 Bb7 15.Bxb7 Qxb7
16.Nxd4 Rg8 17.Qf3 Qxf3 18.Nxf3 Rg4 19.b3 b4 20.Re1 Nc5 21.h3 Rg8 22.Be3 Ne4
23.Rac1 Bd6 24.Nd2 Nxd2 25.Bxd2 Ke7 26.Re4 f5 27.Rh4 Rxa2 28.Bxb4 Bxb4 29.Rxb4 Rd8  1/2-1/2

[Event "TCh-HUN 2010-11"]
[Site "Decs HUN"]
[Date "2011.02.20"]
[Round "6"]
[White "Pinter,J"]
[Black "Pataki,G"]
[Result "1/2-1/2"]
[WhiteElo "2517"]
[BlackElo "2343"]

1.d4 d5 2.c4 c6 3.Nc3 Nf6 4.e3 e6 5.Nf3 Nbd7 6.Bd3 dxc4 7.Bxc4 b5 8.Bd3 Bb7
9.e4 b4 10.Na4 c5 11.e5 Nd5 12.O-O cxd4 13.Nxd4 Be7 14.Re1 O-O 15.Qg4 Re8
16.Bb5 Kh8 17.Nc6 Bxc6 18.Bxc6 Rc8 19.Bb7 Rb8 20.Bxd5 exd5 21.Bf4 Rc8 22.Rad1 Nf8
23.Be3 Ne6 24.b3 Qa5 25.f4 d4 26.Bf2 Nc5 27.Nxc5 Bxc5 28.Qe2 Rcd8 29.Rd3 Bb6
30.Red1 f6 31.Re1 fxe5 32.fxe5 Re6 33.Kh1 Qd5 34.Bg3 Rc8 35.Rf1 Kg8 36.Qh5 Ree8
37.h3 Rf8 38.Rxf8+ Rxf8 39.Qe2 Re8 40.Qc2 Qe6 41.Rd1 Qd5 42.Qd3 Rc8 43.Qf5 Rf8
44.Qc2 d3 45.Qxd3 Qxd3 46.Rxd3 Rf1+ 47.Kh2 Bg1+ 48.Kh1 Bd4+ 49.Kh2 Bg1+  1/2-1/2

[Event "Frauenbundesliga 1st Div 2010-11"]
[Site "Germany GER"]
[Date "2011.02.20"]
[Round "9.3"]
[White "Schmidt,Jessica"]
[Black "Vogel,H"]
[Result "1-0"]
[WhiteElo "2245"]
[BlackElo "2131"]

1.d4 d5 2.Nf3 c6 3.c4 e6 4.Nc3 Nf6 5.e3 Nbd7 6.Qc2 Be7 7.b3 b6 8.Bd3 Bb7
9.O-O Rc8 10.e4 dxe4 11.Nxe4 Nxe4 12.Bxe4 Nf6 13.Bb2 Nxe4 14.Qxe4 O-O 15.Rad1 Qc7
16.c5 Rcd8 17.h3 Rd5 18.b4 Rfd8 19.Rc1 Rf5 20.Ne5 bxc5 21.bxc5 Rd5 22.f4 Ba6
23.Rf3 h6 24.Kh1 Bb5 25.Ng4 Rh5 26.Ne5 f5 27.Qe1 Bf6 28.a4 Bxe5 29.axb5 Bxf4
30.Qxe6+ Kh7 31.Rcf1 Bg5 32.bxc6 Rd8 33.Qxf5+ Kh8 34.Qg6 Rh4 35.Rf8+  1-0

[Event "Frauenbundesliga 1st Div 2010-11"]
[Site "Germany GER"]
[Date "2011.02.20"]
[Round "9.1"]
[White "Kononenko,T"]
[Black "Doluhanova,E"]
[Result "1/2-1/2"]
[WhiteElo "2381"]
[BlackElo "2266"]

1.d4 d5 2.c4 e6 3.Nc3 c6 4.e3 Nf6 5.Nf3 Nbd7 6.Qc2 Bd6 7.Bd3 O-O 8.O-O Qe7
9.e4 dxc4 10.Bxc4 e5 11.h3 exd4 12.Nxd4 Qe5 13.Nf3 Qc5 14.Be2 Re8 15.Be3 Qa5
16.Nd2 Qc7 17.f4 Nd5 18.exd5 Rxe3 19.Nc4 Re8 20.Nxd6 Qxd6 21.Rad1 Nf6 22.Bf3 cxd5
23.Nxd5 Nxd5 24.Bxd5 Be6 25.Qb3 Bxd5 26.Rxd5 Qc7 27.f5  1/2-1/2

[Event "6th Volodymyr Bilinsky Memorial"]
[Site "Lviv UKR"]
[Date "2011.02.20"]
[Round "8.1"]
[White "Davymuka,Roman"]
[Black "Zelinsky,A"]
[Result "0-1"]
[WhiteElo "2138"]
[BlackElo "2094"]

1.d4 Nf6 2.Nf3 d5 3.c4 c6 4.Nc3 e6 5.e3 Nbd7 6.Bd3 dxc4 7.Bxc4 Bb4 8.O-O O-O
9.a3 Ba5 10.Qc2 Re8 11.b4 Bc7 12.e4 Nb6 13.Ba2 h6 14.e5 Nfd7 15.Bb1 Nf8 16.Qe4 Nd5
17.Ne2 a5 18.bxa5 Bxa5 19.Qg4 Kh8 20.Qh5 Qe7 21.Bg5 Qd7 22.Bxh6 gxh6 23.Qxh6+ Kg8
24.Ng5 Bd8 25.Ne4 f5 26.exf6 Qf7 27.f4 Nxf6 28.Rf3 Nxe4 29.Bxe4 Qf6 30.Rg3+ Kf7
31.Qh5+ Ke7 32.Qc5+ Kd7 33.Rc1 Ra6 34.f5 Kc7 35.Nc3 Kb8 36.Bd3 Bb6 37.Qb4 Bxd4+
38.Kh1 Rb6 39.Qd6+ Ka7 40.Na4 Rb3 41.Qc7 Qd8 42.Qxd8 Rxd8 43.fxe6 Nxe6 44.Rd1 Rxa3
45.Bf5 Rxa4  0-1

[Event "TCh-HUN 2010-11"]
[Site "Mako HUN"]
[Date "2011.02.20"]
[Round "6"]
[White "Kovacs,Ga2"]
[Black "Reiss,T"]
[Result "1/2-1/2"]
[WhiteElo "2493"]
[BlackElo "2403"]

1.d4 d5 2.c4 c6 3.Nf3 Nf6 4.Nc3 e6 5.e3 Nbd7 6.Qc2 b6 7.cxd5 cxd5 8.Nb5 Bb4+
9.Bd2 Bxd2+ 10.Nxd2 O-O 11.Qc6 Ba6 12.Nc7 Bxf1 13.Nxa8 Bxg2 14.Rg1 Bh3 15.Nc7 e5
16.Qd6 exd4 17.exd4 Ne8 18.Nxe8 Rxe8+ 19.Kd1 Qh4 20.Qg3 Qh5+ 21.Kc2 g6 22.Rge1 Rc8+
23.Kb3 Nb8 24.Qf4 Nc6 25.a3 Qg4 26.Qxg4 Bxg4 27.Ka2 Nxd4 28.Rac1 Nc2 29.Rg1 Bf5
30.Rcd1 d4 31.Nf3 Be6+ 32.Kb1 Bf5 33.Ka2 Be6+ 34.Kb1 Bf5 35.Ka2  1/2-1/2